Geography Quiz

Random Geography or World Quiz

True or False: Geography II Quiz Stats

Quiz Updated Feb 24, 2015

Challenge
Share
Tweet
Embed
Score 0/30 Timer 04:00
1 Play Today
Hint T or F? % Correct
Sri Lanka was once part of the British Empire.???
88.5%
The Philippines consists of over 5,000 islands.???
82%
Croatia is on the Iberian Peninsula.???
79%
Paraguay is a landlocked country.???
77.4%
Florida was one of the original 13 US colonies.???
76.3%
The Dong is the currency of Vietnam.???
74.3%
The Tropic of Cancer is in the northern hemisphere.???
72.4%
Scotland has a larger population than Wales.???
70.8%
Lake Baikal is the deepest lake in the world.???
69.7%
Abkhazia is a disputed territory in Georgia.???
67%
Wellington is located on New Zealand's North Island.???
65.3%
The Empire State Building has its own zip code.???
63.8%
Thailand was formerly known as Saigon.???
63.3%
Ulaanbaatar is the world's most northerly capital city.???
62.8%
Rajasthan is the largest Indian state by area.???
60.7%
Hint T or F? % Correct
The Rub' al Khali is the longest river in Saudi Arabia.???
60.6%
Switzerland is the only country with a perfectly square flag.???
59.7%
Birmingham, Alabama has a larger population than Birmingham, UK.???
57.9%
Lagos is the capital city of Nigeria.???
57.7%
The Faroe Islands are an Icelandic territory.???
56.7%
Monaco has the highest population density of any country in the world.???
51.5%
Grand Central in New York is the world's most used train station.???
51.1%
Part of the Andes mountain range is in Brazil.???
49.4%
Guinea shares a border with Guinea-Bissau.???
49.3%
China has 5 time zones.???
48.2%
The Yangtze River flows through Beijing.???
48.2%
The point furthest from Earth's center is in Ecuador.???
47.7%
France is the world's largest wine producer.???
46.1%
Of all the American state flags, Indiana's has the most stars.???
43.5%
The worldwide adult literacy rate is over 80%.???
26.9%

You're not logged in!

Compare scores with friends on all Sporcle quizzes.
Sign Up with Email
OR
Log In

You Might Also Like...

Show Comments

Extras

Top Quizzes Today


Score Distribution

Your Account Isn't Verified!

In order to create a playlist on Sporcle, you need to verify the email address you used during registration. Go to your Sporcle Settings to finish the process.